| 000 | 00984nam a2200253Ia 4500 | ||
|---|---|---|---|
| 001 | dia_1365 | ||
| 003 | CHAP | ||
| 005 | 20251021161355.0 | ||
| 008 | 220117s1980 xx 000 0 und d | ||
| 010 | _a171913 | ||
| 040 | _cCHAP | ||
| 082 | _a580 L6 | ||
| 100 |
_aLopez Mendoza, Roberto _968119 |
||
| 245 | _aTipos de Vegetación y su Distribución en el Estado de Tabasco y Norte de Chiapas. | ||
| 260 |
_aMéxico, U.A.Ch., Departamento de Publicaciones de la Dirección de Difusión Cultural. _c1980 |
||
| 300 | _a121 p. ilus. | ||
| 400 | _aCUADERNOS UNIVERSITARIOS SERE AGRONOMIA, 1. | ||
| 500 | _aDonación | ||
| 600 |
_aBotánica-Tabasco. 2. Tabasco-botaánica. 3. Chiapas-botánica. 4. Botánica-Chiapas. 5. Fitogeografía. I. U. A. Ch. Centro Regional Puyacatengo II. U. A. Ch. Dirección de Difusión Cultural. III. t. _9150614 |
||
| 901 | _a580 L6 | ||
| 902 | _aM | ||
| 905 | _a0000001980 MEX 0000000000ESP00 | ||
| 942 |
_cLIBRO _2ddc |
||
| 999 |
_c171913 _d171913 |
||